Sports with the most fans ! - Statistics

General Stats
  • This quiz has been taken 14 times
  • The average score is 7 of 10
Answer Stats
# estimated fans sport % Correct
1 3.5 billion Football (soccer)
100%
2 2.5 billion Cricket
86%
8 500 million Baseball
79%
7 825 million Basketball
79%
4 1 billion Tennis
79%
10 420 million Golf
71%
3 2.2 billion Hockey
71%
9 475 million Rugby
71%
6 850 million Table tennis
36%
5 900 million Volleyball
29%
No matching quizzes found
Score Distribution
Percent of People with Each Score
Percentile by Number Answered
Your Score History
You have not taken this quiz